Pays avec la lettre G - Statistiques

Statistiques générales
  • Ce quiz a été pris 712 fois
    668 depuis la dernière actualisation
  • Le résultat moyen est 31 sur 48
Statistiques - réponses
Réponses % Correct
Guinée
89%
Guatemala
86%
Guinée Equatoriale
84%
Géorgie
83%
Guinée-Bissau
82%
Grèce
80%
Gabon
79%
Ghana
77%
Gambie
74%
Algérie
72%
Argentine
70%
Afghanistan
67%
Norvège
67%
Portugal
67%
Egypte
66%
Allemagne
65%
Belgique
65%
Guyana
65%
Bulgarie
64%
Espagne
64%
Hongrie
64%
Mongolie
64%
Paraguay
64%
République Démocratique du Congo
64%
République du Congo
64%
Uruguay
64%
Madagascar
62%
Angola
61%
Grenade
61%
Cambodge
59%
Nicaragua
58%
Papouasie-Nouvelle-Guinée
58%
Pologne
58%
Togo
58%
Antigua-et-Barbuda
57%
Sénégal
56%
Bosnie-Herzégovine
55%
Luxembourg
55%
Niger
55%
Nigéria
55%
Bangladesh
53%
Ouganda
53%
Tonga
52%
Kirghizistan
49%
Saint-Vincent-et-les-Grenadines
49%
Monténégro
48%
Singapour
48%
Trinité-et-Tobago
44%
Aucun quiz correspondant
Distribution des résultats
% des personnes avec chaque résultat
Percentile par nombre de réponses
Votre historique - résultats
Vous n’avez pas pris ce quiz depuis la dernière actualisation